Implementácia kalkulácie nákladov podľa čiastkových činností v podniku diplomová práca

Na minha lista:
Detalhes bibliográficos
Autor principal: Rupec, Lukáš
Autor Corporativo: Fakulta podnikového manažmentu EU. Katedra podnikovohospodárska
Outros Autores: Tóth, Miroslav, 1961-
Formato: Livro
Idioma:eslovaco
Publicado em: Bratislava 2021
Tags: Adicionar Tag
Sem tags, seja o primeiro a adicionar uma tag!

MARC

LEADER 00000nbm a2200000 4500
001 0275634
005 20211203095220.1
041 0 |a slo 
044 |a SK 
245 1 0 |a Implementácia kalkulácie nákladov podľa čiastkových činností v podniku  |b diplomová práca  |c Lukáš Rupec ; školiteľ: Miroslav Tóth 
264 1 |a Bratislava  |c 2021 
300 |a 66 s. 
100 1 |a Rupec, Lukáš 
700 1 |a Tóth, Miroslav, 1961- 
710 2 |a Fakulta podnikového manažmentu EU. Katedra podnikovohospodárska